000 01060nam0a22002531 4500
001 rc\1032315
005 20041129103021.0
035 _a(NLR Aleph) 006195801
090 _a6214565
_c6214565
100 _a20041129d1981 u |0rusy50 ca
101 0 _arus
102 _aRU
105 _ay |||||||||
200 1 _aМатематическое обеспечение ОКА-70 для централизованной автоматической обработки данных радиозондирования атмосферы
210 _aЛ.
_cГидрометеоиздат
_d1981
215 _a111 с.
_d29
300 _aВ надзаг.: Гос. ком. СССР по гидрометеорологии и контролю природ. среды, Центр. аэрол. обсерватория
320 _aБиблиогр.: с. 24 (18 назв.)
700 1 _aТрифонов
_bГ. П.
_gГеннадий Пантелеевич
801 0 _aRU
_bNLR
_gpsbo
801 1 _aRU
_bELAR
_2rusmarc
852 _aNLR
_j82-8/90
942 _cBOOK
980 _aNB